ਭਗਤ ਬਾਣੀ ਵਿਚਾਰ (Record no. 1235772)
[ view plain ]
| 000 -LEADER | |
|---|---|
| fixed length control field | 00743nam a2200217Ia 4500 |
| 005 - DATE AND TIME OF LATEST TRANSACTION | |
| control field | 20250108125122.0 |
| 008 - FIXED-LENGTH DATA ELEMENTS--GENERAL INFORMATION | |
| fixed length control field | 008 250107s9999 xx 000 0 pun d |
| 037 ## - SOURCE OF ACQUISITION | |
| Stock number | TB |
| 040 ## - CATALOGING SOURCE | |
| Original cataloging agency | CRL |
| Language of cataloging | pun |
| Transcribing agency | CRL |
| 041 ## - LANGUAGE CODE | |
| Language code of text/sound track or separate title | pun |
| Source of code | pun |
| 084 ## - COLON CLASSIFICATION NUMBER | |
| Classification number | Y15.2 Q9.1-.2 |
| 084 ## - COLON CLASSIFICATION NUMBER | |
| Assigning agency | CRL |
| 100 ## - MAIN ENTRY--PERSONAL NAME | |
| Personal name | ਸ਼ਾਂਤ, ਸੁਖਦੇਵ ਸਿੰਘ, ਲੇਖਕ |
| 245 #0 - TITLE STATEMENT | |
| Title | ਭਗਤ ਬਾਣੀ ਵਿਚਾਰ |
| Statement of responsibility, etc. | ਸ਼ਾਂਤ, ਸੁਖਦੇਵ ਸਿੰਘ, ਲੇਖਕ |
| 260 ## - PUBLICATION, DISTRIBUTION, ETC. | |
| Place of publication, distribution, etc. | ਪਟਿਆਲਾ, ਭਾਰਤ |
| Name of publisher, distributor, etc. | ਸੰਗਮ ਪਲੀਕੇਸ਼ਨ |
| Date of publication, distribution, etc. | 3384 |
| 300 ## - PHYSICAL DESCRIPTION | |
| Extent | 255ਪ੍ਰ0 |
| 365 ## - TRADE PRICE | |
| Price type code | INR |
| Price amount | 1000 |
| 650 ## - SUBJECT ADDED ENTRY--TOPICAL TERM | |
| Topical term or geographic name entry element | ਸਿੱਖ ਧਰਮ |
| 9 (RLIN) | 156314 |
| 942 ## - ADDED ENTRY ELEMENTS (KOHA) | |
| Koha item type | Textbook |
| Classification part | Y15.2 Q9.1-.2 |
| Withdrawn status | Lost status | Damaged status | Not for loan | Home library | Current library | Date acquired | Source of acquisition | Cost, normal purchase price | Total Checkouts | Full call number | Barcode | Date last seen | Date last checked out | Price effective from | Koha item type |
|---|---|---|---|---|---|---|---|---|---|---|---|---|---|---|---|
| Central Library | Arts Library | 2025-01-08 | Gift, 25/09/2024, | 1000.00 | 2 | Q8441:21:g 153R4 | CL1699396 | 2026-04-08 | 2026-03-02 | 2025-01-08 | Textbook |
